000 00423nam a2200181Ia 4500
005 20250603144525.0
008 250603s9999 xx 000 0 und d
020 _a9781032531052
050 _aPN 1996 .M37/
100 _aMartin, Carey
245 0 _aApplied screenwriting
260 _aAbingdon, Oxon
260 _bRoutledge
260 _c2024
300 _ax, 160p. ill.
650 _aAbingdon, Oxon
942 _cBK
999 _c39179
_d39179